000 00446nam a2200181Ia 4500
001 11942
005 20260306162905.0
008 260306t2019||||xx |||||||||||||| ||spa||
041 _aESP
082 _aHB 332
_bFEB 2019 BF
100 _aAsociación de Bancos del Perú - ASBANC
_eAUT
245 0 _aBoletín financiero
260 _c2019
300 _a111 páginas :
_c29 cm.
650 _aGEN
654 _aCAN
942 _cLIB
_dJUS
_fJUS
_2ddc
_n
999 _c11942
_d11942